Statistics for Clueless #1

Click here to take the quiz!

General Stats

  • This quiz has been taken 4,314 times
    (3,635 since last reset)
  • The average score is 82 of 186

Answer Stats

Word% Correct
     a      
97%
     I      
96%
     me     
96%
     my     
96%
    the    
92%
    The    
92%
   she's    
87%
    him,    
85%
    are    
84%
     is     
84%
   you're   
82%
     us     
80%
     we     
80%
    our    
80%
    Our    
80%
    she    
80%
   who's    
80%
  there's  
80%
  There's  
80%
    It's    
78%
    it's    
78%
     to     
77%
     To     
77%
    you    
77%
    Your    
77%
    your    
77%
   don't    
76%
   lady,    
76%
    lady    
76%
    go,    
74%
     be     
74%
     go     
74%
    and    
71%
    And    
71%
    did    
71%
     In     
71%
     in     
71%
     on     
70%
    on.    
70%
   won't    
66%
    when    
64%
    When    
64%
    that    
63%
   there    
63%
   There    
63%
   those    
63%
     it     
61%
    what    
61%
    Who    
61%
    who    
61%
    have    
59%
    can    
58%
    for.    
57%
    for    
57%
     of     
56%
    one    
56%
    two    
56%
   know,    
53%
   knows,   
53%
    know    
53%
    not    
53%
    all    
52%
 Sometimes  
52%
 sometimes  
52%
    get    
51%
    gets    
51%
    seen    
50%
    will    
49%
     If     
48%
     if     
48%
    but    
47%
  stairway  
47%
  heaven.  
46%
   heaven   
46%
   wants    
46%
    came    
45%
    come    
45%
    hear    
45%
    with    
44%
    With    
44%
    How    
42%
     as     
41%
    Then    
41%
    time    
41%
  feeling  
39%
  looking.  
39%
   makes    
39%
    day    
39%
    look    
39%
    Yes,    
39%
   sings,   
39%
   walks    
39%
  thoughts  
39%
     at     
38%
    by,    
37%
     by     
37%
  songbird  
37%
  leaving.  
36%
    down    
36%
 everything 
35%
   buying   
35%
   gold.    
35%
    gold    
35%
    run    
35%
   'Cause   
34%
    road    
34%
  glitters  
33%
    Ooh,    
32%
    ooh,    
32%
    sure    
32%
    word    
32%
   words    
32%
   closed   
31%
    head    
31%
    May    
31%
    now,    
31%
 meanings.  
30%
   crying   
29%
    just    
29%
    wind    
29%
   wind?    
29%
   long,    
28%
    long    
28%
    tree    
27%
   really   
27%
   trees,   
27%
  wonder,  
27%
  wonder.  
27%
  calling  
26%
   light    
26%
    call    
26%
    new    
26%
    than    
26%
   stand    
26%
   stores   
26%
   west,    
26%
   paths    
25%
    lies    
24%
    wall    
24%
   still    
24%
  through  
24%
 laughter.  
22%
   blow,    
22%
   listen   
22%
    sign    
22%
    very    
22%
   turns    
22%
   white    
22%
   change   
21%
    lead    
21%
    show    
21%
   queen.   
21%
   souls    
21%
   taller   
21%
   voices   
21%
   last.    
20%
    hard    
20%
   rings    
20%
   spirit   
20%
 whispered  
20%
 whispering 
20%
  forests  
19%
  humming  
19%
   brook,   
19%
    case    
19%
    dawn    
19%
    Dear    
19%
    rock    
19%
   spring   
19%
  reason.  
19%
 misgiven.  
18%
    echo    
18%
   piper    
18%
   roll.    
18%
   shines   
18%
   smoke    
18%
   soon,    
18%
  piper's  
18%
 hedgerow,  
17%
  alarmed  
17%
   bustle   
17%
   clean    
17%
    join    
17%
    tune    
17%
   tune,    
17%
  shadows  
16%

Score Distribution

Percentile by Number Answered

Percent of People with Each Score

Your Score History

You have not taken this quiz since the last reset